Challenge and strategy: (Record no. 159049)
[ view plain ]
| 000 -LEADER | |
|---|---|
| fixed length control field | 00846nam a22002057a 4500 |
| 005 - DATE AND TIME OF LATEST TRANSACTION | |
| control field | 20181128150152.0 |
| 010 ## - LCCN (DPL NO) | |
| LC control number | B-7123007 |
| 020 ## - INTERNATIONAL STANDARD BOOK NUMBER | |
| International Standard Book Number | 9788132113676 |
| Terms of availability | 645.00 |
| 035 ## - SYSTEM CONTROL NUMBER | |
| System control number | B-7123007 |
| 037 ## - SOURCE OF ACQUISITION | |
| Source of stock number/acquisition | RK Books |
| 082 ## - DEWEY DECIMAL CLASSIFICATION NUMBER | |
| Classification number | 327.54 |
| 100 ## - MAIN ENTRY--PERSONAL NAME | |
| Personal name | Sikri, Rajiv |
| 245 ## - TITLE STATEMENT | |
| Title | Challenge and strategy: |
| Remainder of title | rethinking India's foreign policy / |
| Statement of responsibility, etc | by Rajiv Sikri; foreword by Chinmaya R. Gharekhan |
| 260 ## - PUBLICATION, DISTRIBUTION, ETC. (IMPRINT) | |
| Place of publication, distribution, etc | New Delhi |
| Name of publisher, distributor, etc | Sage Publications |
| Date of publication, distribution, etc | 2009 |
| 270 ## - ADDRESS | |
| Address | B1/I-1, Mohan Cooperative Industrial Area, Mathura Road |
| City | New Delhi |
| Postal code | 110044 |
| 300 ## - PHYSICAL DESCRIPTION | |
| Extent | xx, 317p. |
| Dimensions | 22cm(pbk) |
| 504 ## - BIBLIOGRAPHY, ETC. NOTE | |
| Bibliography, etc | Includes bibliographical references and index |
| 942 ## - ADDED ENTRY ELEMENTS (KOHA) | |
| Source of classification or shelving scheme | Dewey Decimal Classification |
| Item type | English Books |
| Classification part | 327.54 |
| Call number suffix | SIK |
| Withdrawn status | Lost status | Not for loan | Collection code | Home library | Current library | Date acquired | Source of acquisition | Cost, normal purchase price | Full call number | Barcode | Copy number | Cost, replacement price | Koha item type |
|---|---|---|---|---|---|---|---|---|---|---|---|---|---|
| Non-fiction | Central Jail Tihar | Central Jail Tihar | 28/11/2018 | RK Books/IN2320/18-19/24-11-18/539/15-11-18/28-11-18 | 645.00 | 327.54 SIK | B-713007 | 1 | 645.00 | English Books |
